| 000 | 00433 a2200145 4500 | ||
|---|---|---|---|
| 001 | 92905 | ||
| 082 | _a670.00151535 SUS | ||
| 090 |
_c44565 _d44566 |
||
| 100 | _aSusanna Young; Jeff Strain and eric MIller | ||
| 245 |
_aIntroduction to the ANSYS parametric design language (APDL) _bPADT |
||
| 260 |
_aUSA _bPhoenix Analysis & Design Technologies _c2013 |
||
| 300 | _a210 p. | ||
| 500 | _aAerospace | ||
| 650 | _aANSYS- APDL | ||
| 942 |
_aCAE NUST _k670.00151535 SUS |
||
| 999 |
_c327978 _d327978 |
||